Embryology (Record no. 78129)
[ view plain ]
| 000 -LEADER | |
|---|---|
| fixed length control field | 00454nam a2200193Ia 4500 |
| 001 - CONTROL NUMBER | |
| control field | 69109 |
| 008 - FIXED-LENGTH DATA ELEMENTS--GENERAL INFORMATION | |
| fixed length control field | 151103s9999||||xx |||||||||||||| ||und|| |
| 020 ## - INTERNATIONAL STANDARD BOOK NUMBER | |
| International Standard Book Number | 9789351292166 |
| 040 ## - CATALOGING SOURCE | |
| Transcribing agency | PK-LaUMT |
| 082 ## - DEWEY DECIMAL CLASSIFICATION NUMBER | |
| Classification number | 612.64 |
| Item number | DUD-E |
| 100 ## - MAIN ENTRY--PERSONAL NAME | |
| Personal name | Dudek, Ronald W. |
| 245 ## - TITLE STATEMENT | |
| Title | Embryology |
| Statement of responsibility, etc | Dudek, Ronald W. |
| 250 ## - EDITION STATEMENT | |
| Edition statement | 6th |
| 260 ## - PUBLICATION, DISTRIBUTION, ETC. (IMPRINT) | |
| Place of publication, distribution, etc | New Delhi,India: |
| Name of publisher, distributor, etc | Wolters Kluwer, |
| Date of publication, distribution, etc | 2014 |
| 300 ## - PHYSICAL DESCRIPTION | |
| Extent | 310 p. |
| 546 ## - LANGUAGE NOTE | |
| Language note | EN |
| 650 ## - SUBJECT ADDED ENTRY--TOPICAL TERM | |
| Topical term or geographic name as entry element | Embryology |
| 942 ## - ADDED ENTRY ELEMENTS (KOHA) | |
| Koha item type | Books |
| Withdrawn status | Lost status | Source of classification or shelving scheme | Damaged status | Not for loan | Home library | Current library | Date acquired | Total Checkouts | Full call number | Barcode | Date last seen | Date checked out | Price effective from | Koha item type |
|---|---|---|---|---|---|---|---|---|---|---|---|---|---|---|
| Dewey Decimal Classification | UMT Health Sciences Campus | UMT Health Sciences Campus | 2015-11-02 | 1 | 612.64 DUD-E | 94670 | 2017-08-23 | 2017-08-19 | 2015-11-03 | Books | ||||
| Dewey Decimal Classification | UMT Health Sciences Campus | UMT Health Sciences Campus | 2015-11-03 | 1 | 612.64 DUD-E | 94671 | 2025-08-18 | 2024-12-17 | 2015-11-03 | Books |
